Southville International School and Colleges
Your cart is empty.
  • Cart
  • Lists
    Public lists Eva Luna New books Lux_list list_1
    Your lists Log in to create your own lists
  • Log in to your account
  • Your cookies
  • Search history
Southville International School and Colleges
  • Advanced search
  • Recent comments
  • Most popular
  • Libraries

Log in to your account

Log in with GOOGLE


If you do not have an external account, but do have a local account, you can still log in:

  1. Home
  2. MARC view: Big tree (The) /
Normal view MARC view ISBD view

Big tree (The) / (Record no. 104857)

[ view plain ]
MARC details
000 -LEADER
fixed length control field 00552nam a2200169 a 4500
005 - DATE AND TIME OF LATEST TRANSACTION
control field 20140412111330.0
008 - FIXED-LENGTH DATA ELEMENTS--GENERAL INFORMATION
fixed length control field 030110s19uu xx 00 eng d
020 ## - INTERNATIONAL STANDARD BOOK NUMBER
International Standard Book Number 0-02-274918-7
050 ## - LIBRARY OF CONGRESS CALL NUMBER
Classification number TR(PS E
Item number Bi48 1991
100 ## - MAIN ENTRY--PERSONAL NAME
Personal name Hiscock, Bruce
245 ## - TITLE STATEMENT
Title Big tree (The) /
Statement of responsibility, etc written and illustrated by Bruce Hiscock.
260 ## - PUBLICATION, DISTRIBUTION, ETC. (IMPRINT)
Place of publication, distribution, etc New York :
Name of publisher, distributor, etc Macmillan/McGraw-Hill School Publishing Comp,
Date of publication, distribution, etc 1991.
300 ## - PHYSICAL DESCRIPTION
Extent 1 v. (unp.) ; ill.
650 ## - SUBJECT ADDED ENTRY--TOPICAL TERM
Topical term or geographic name as entry element Trees--Fiction
General subdivision Study and teaching
650 ## - SUBJECT ADDED ENTRY--TOPICAL TERM
Topical term or geographic name as entry element Plants--Fiction
General subdivision Study and teaching
Holdings
Withdrawn status Lost status Damaged status Use restrictions Home library Current library Shelving location Date acquired Source of acquisition Total Checkouts Full call number Barcode Date last seen Price effective from Koha item type
        Elizalde Library Elizalde Library Teachers Reference Section 01/10/2003     TR(PS E Bi48 1991 E8845 04/12/2014 04/12/2014 Books

Big tree (The) /

APA

Hiscock B., . (1991). Big tree (The). New York: Macmillan/McGraw-Hill School Publishing Comp.

Chicago

Hiscock Bruce, . 1991. Big tree (The). New York: Macmillan/McGraw-Hill School Publishing Comp.

Harvard

Hiscock B., . (1991). Big tree (The). New York: Macmillan/McGraw-Hill School Publishing Comp.

MLA

Hiscock Bruce, . Big tree (The). New York: Macmillan/McGraw-Hill School Publishing Comp. 1991.

  • Place hold
  • Print
  • Cite
  • Add to your cart (remove)
  • Save record
    BIBTEX Dublin Core MARCXML MARC (non-Unicode/MARC-8) MARC (Unicode/UTF-8) MARC (Unicode/UTF-8, Standard) MODS (XML) RIS
  • More searches
    Search for this title in:
    Other Libraries (WorldCat) Other Databases (Google Scholar) Online Stores (Bookfinder.com) Open Library (openlibrary.org)

Exporting to Dublin Core...

SOUTHVILLE LIBRARY

Southville International School and Colleges Library

1281 Tropical Ave. Cor. Luxembourg St., BF Homes International, Las Pinas City

Tel. No. 8256374 / 252358 Loc. 117/146

Powered by Koha